1850 1291 1197 1994 1067 1976 1945 1276 1200 1605 1686 1368 1210 1718 1865 1229 1154 1196 1949 1761 1072 1216 1178 1115 1508 1540 1582 1190 1905 1700 1518 1483 1449 1025 1870 1414 1522 1961 1123 1077 1797 1825 1526 1171 1923 1200 1800 1114 1362 1647 1926 1175 1691 1147 1211 1445 1843 1387 1285 1800 1430 1650 1682 1478 1903 1276 1185 1275 1587 1690 1647 1807 1405 1858 1754 1898 1656 1413 1311 1382 1015 1042 1109 1077 1740 1495 1903 1876 1496 1998 1390 1433 1443 1383 1737 1968 1423 1954 1328 BCNSPRNW ULIB Ver.6.0+V

เปลี่ยนเป็นภาษาไทย

Change to English
 แสดงรายละเอียดบรรณานุกรม
  กลับหน้าหลัก

Brief Record : Get Marc (ISO 2709) : E-mail record : QR code < ปิดหน้าต่าง
LEADER : 00000nam 2200000uu 4500
001    13399127905
003     ULIB
008    211026s2563||||th 000 0 tha d
020    ^a9786164784925
060 04 ^aWU270^bก732ว
100 0  ^aกุสุมาวดี อุทิศพันธ์
245 10 ^aวิทยาศาสตร์พื้นฐานของการป้องกันโรคฟันผุ /^cกุสุมาวดี อุทิศพันธ์, สิทธิชัย ขุนทองแก้ว และวิสาขา อุปพงค์
250    ^aพิมพ์ครั้งที่1
260    ^aกรุงเทพฯ : ^bไอกรุ๊ปเพรส,^c2563
300    ^a368 หน้า :^bภาพประกอบ : ตาราง : กราฟ
504    ^aเอกสารอ้างอิงและดัชนี
650  2 ^aฟันผุ
700 0  ^aสิทธิชัย ขุนทองแก้ว
700 0  ^aวิสาขา อุปพงค์
945    ^p950^l0^i29053
945    ^p950^l0^i29054
999    ^aกัณชพร จุลอักษร
รายการนี้ยังไม่มีแท็ก
คุณยังไม่ได้ล็อกอิน คุณสามารถมีกิจกรรมร่วมกับเว็บไซต์ได้ แต่ต้องล็อกอินก่อน ::
  ล็อกอิน

รายการสื่อสารสนเทศ

ลำดับที่ ประเภท เลขเรียก/บาร์โค้ด สถานที่ สถานะ
1. หนังสือสำรอง
หนังสือสำรอง
WU270 ก732ว ฉ.1 
  Barcode: 29053
ห้องสมุดวิทยาเขตนครสวรรค์
►หนังสือทั่วไป:l:General Books
บนชั้น
2. วิทยาศาสตร์การแพทย์ และสุขภาพ
วิทยาศาสตร์การแพทย์ และสุขภาพ
WU270 ก732ว ฉ.2 
  Barcode: 29054
ห้องสมุดวิทยาเขตนครสวรรค์
►หนังสือทั่วไป:l:General Books
บนชั้น

รายการใกล้เคียง
    ผู้แต่ง [กุสุมาวดี อุทิศพันธ์]

    หัวเรื่อง [ฟันผุ]

BibComment


ยังไม่เคยถูกคอมเมนท์

คอมเมนท์ทรัพยากรรายการนี้
  คอมเมนท์: วิทยาศาสตร์พื้นฐ..


 Copyright 2026. Bcnsprnw @Library